| 000 | 00555nam a2200145Ia 4500 | ||
|---|---|---|---|
| 008 | 200626s9999 xx 000 0 und d | ||
| 020 | _a978-1-4051-9986-5 | ||
| 100 | _aHawkes, Corinna | ||
| 245 |
_cCorinna Hawkes, Chantal Blouin, Spencer Henson, Nick Drager, Laurete Dubé.-- _aTrade, food, diet and health: _bPerspectives and policy options:/ |
||
| 260 |
_aUnited Kingdom : _bBlackwell Publishing Ltd _c2010 |
||
| 300 | _axv, 318 pages | ||
| 500 | _aIncludes References, and Index | ||
| 650 | _aFood industry and trade. | ||
| 650 | _aNutrition policy. | ||
| 999 |
_c363819 _d363819 |
||